Investigations on Defect Detection in ARC Welding through Machine Learing (Record no. 244699)
[ view plain ]
| 000 -LEADER | |
|---|---|
| fixed length control field | 00423nam a2200157Ia 4500 |
| 008 - FIXED-LENGTH DATA ELEMENTS--GENERAL INFORMATION | |
| fixed length control field | 240823s9999||||xx |||||||||||||| ||und|| |
| 082 ## - DEWEY DECIMAL CLASSIFICATION NUMBER | |
| -- | 006.31 R3 |
| 100 ## - MAIN ENTRY--PERSONAL NAME | |
| Personal name | Samuel K |
| 245 #0 - TITLE STATEMENT | |
| Title | Investigations on Defect Detection in ARC Welding through Machine Learing |
| 260 ## - PUBLICATION, DISTRIBUTION, ETC. (IMPRINT) | |
| Date of publication, distribution, etc | 2023 |
| 500 ## - GENERAL NOTE | |
| General note | YES |
| 650 ## - SUBJECT ADDED ENTRY--TOPICAL TERM | |
| Topical term or geographic name as entry element | Machine Learning |
| 942 ## - ADDED ENTRY ELEMENTS (KOHA) | |
| Item type | Thesis |
| Withdrawn status | Lost status | Damaged status | Permanent location | Current location | Shelving location | Date acquired | Full call number | Barcode | Date last seen | Koha item type |
|---|---|---|---|---|---|---|---|---|---|---|
| CENTRAL LIBRARY, NOORUL ISLAM CENTRE FOR HIGHER EDUCATION | CENTRAL LIBRARY, NOORUL ISLAM CENTRE FOR HIGHER EDUCATION | 07/22/2024 | 006.31 R3 | TD413 | 08/23/2024 | Thesis |
